• 首页
  • 本馆介绍
  • 公告通知
  • 最新文献
  • 馆藏检索
  • 电子资源
  • 读者导购
  • 参考咨询
  • 我的图书馆
  • 登录
  • 详细信息显示
  • 放入我的书架
  • 预约/预借图书
  • 作者相关作品
  • 分类相关作品
  • 丛书相关作品
  • 出版社相关作品

书目信息

  • 表格格式
  • 工作单格式
  • 卡片格式
书名: Black's law dictionary
作者: by Henry Campbell Black.
分册号:
分册名:
出版地: St. Paul :
 
出版社: West Pub. Co
出版时间: 1979.
页数: xiv, 1511 p. ;
开本: 26 cm.
丛书名:
中图分类号:
科图分类号:
其他分类号: D9-61
主题词:
电子资源:
000 01335cam 2200385 i 4500
001 E0761009872
005 20070302165837.46
008 001206s1979 mnu d 000 0 eng
010    @a 79012547 //r905
020    @a0829920412.
020    @a0829920455.
040    @aDLC@cDLC@dNLM
043    @an-us---
050 00 @aKF156@b.B53 1979
060 00 @aKF 156@bB627b 1979
082 00 @a340/.03
090    @aG042/W5
090    @aG12/W2/1979
090    @aD9-61
099    @dD9-61@ex4=5
100 1  @aBlack, Henry Campbell,@d1860-1927
240 10 @aLaw dictionary
245 10 @aBlack's law dictionary :@bdefinitions of the terms and phrases of American and English jurisprudence, ancient and modern / @cby Henry Campbell Black.
250    @a5th ed. / :@bby the publisher's editorial staff, contributing authors, Joseph R. Nolan and M.J. Connolly.
260    @aSt. Paul :@bWest Pub. Co.,@c1979.
300    @axiv, 1511 p. ;@c26 cm.
500    @aFirst ed., 1891, has title: A dictionary of law.
650  0 @aLaw@zUnited States@xDictionaries.
650  2 @aJurisprudence@vdictionaries.
650  0 @aLaw@xDictionaries.
700 1  @aConnolly, Michael J.
700 1  @aNolan, Joseph R.
710 2  @aWest Publishing Company.
740 02 @aLaw dictionary.
920    @a232010@z2
    
    Black's law dictionary : : definitions of the terms and phrases of American and English jurisprudence, ancient and modern / / by Henry Campbell Black.-5th ed. / : : by the publisher's editorial staff, contributing authors, Joseph R. Nolan and M.J. Connolly.-St. Paul : : West Pub. Co., , 1979.
    xiv, 1511 p. ; ; 26 cm.
    First ed., 1891, has title: A dictionary of law.
    
    ISBN 0829920412.
    
●
相关链接 在E读中查询图书 在五车中查询图书 在当当中查询图书 在豆瓣中查询图书


正题名:Black's law dictionary     索取号:D9-61/x4=5         预约/预借

序号 登录号 条形码 馆藏地/架位号 状态 备注
1 180342   001170128   第四借阅区/ [索取号:D9-61/x4=5] 在馆    
2 180343   001170066   第四借阅区/ [索取号:D9-61/x4=5] 在馆    
3 183168   001170039   第二样本阅览室/ [索取号:D9-61/x4=5] 在馆    
唐山师范学院图书馆 欢迎您!
大连网信软件有限公司© 版权所有